00526nam a22001697a 4500003000400000005001700004008004100021020001600062024001600078040001600094082001900110100001600129245007000145260006600215300001800281440005700299OSt20180116183032.0151222b xxu||||| |||| 00| 0 eng d a05-263-89-1 205-263-89-1 cLahore LUMS a174.4 LUM 1989 aQureshi Z I aCONTINENTAL TOBACCO COMPANY: FRONTIER TOWN PLANT (A)cQureshi Z I aLahore LUMSb Lahore University of Management Sciences c1989 a21 p.bPapers aCONTINENTAL TOBACCO COMPANY: FRONTIER TOWN PLANT (A)